Slovenská ideológia a kríza eseje z antropológie politiky
Salvato in:
| Autore principale: | |
|---|---|
| Natura: | Libro |
| Lingua: | slovacco |
| Pubblicazione: |
Bratislava
Kalligram
2012
|
| Serie: | SASA Učebné texty
3 |
| Soggetti: | |
| Tags: |
Nessun Tag, puoi essere il primo ad aggiungerne!!
|
MARC
| LEADER | 00000nam a2200000 4500 | ||
|---|---|---|---|
| 001 | 0158554 | ||
| 005 | 20240314101547.6 | ||
| 020 | |a 978-80-8101-616-5 | ||
| 041 | 0 | |a slo | |
| 044 | |a SK | ||
| 245 | 1 | 0 | |a Slovenská ideológia a kríza |b eseje z antropológie politiky |c Juraj Buzalka |
| 264 | 1 | |a Bratislava |b Kalligram |c 2012 | |
| 300 | |a 199 s. | ||
| 490 | 1 | |a SASA Učebné texty |v 3 | |
| 830 | 0 | |a SASA Učebné texty |v 3 | |
| 610 | 2 | 0 | |a politika |
| 610 | 2 | 0 | |a antropológia |
| 610 | 2 | 0 | |a politika zahraničná |
| 610 | 2 | 0 | |a nacionalizmus |
| 610 | 2 | 0 | |a identita |
| 610 | 2 | 0 | |a Slovensko |
| 100 | 1 | |a Buzalka, Juraj | |